| 000 | 00859nas a2200277 4500 | ||
|---|---|---|---|
| 001 | BR0905667 | ||
| 003 | BR-BrBNA | ||
| 005 | 20231205113728.0 | ||
| 007 | ta | ||
| 008 | 230509b bl.|||p| |||| 00| 00por d | ||
| 040 |
_aBR-BrBNA _bpor _cBiblioteca Nacional de Agricultura |
||
| 041 | _a(Pt) | ||
| 072 | _aK10 | ||
| 100 | 1 | _aTonini, H. | |
| 100 | 1 | _aCosta, P. da | |
| 100 | 1 | _aKaminski, P.E. | |
| 245 | 1 | _aEstrutura e produção de duas populações nativas de Castanheira-do-Brasil (Bertholletia excelsa O. Berg)em Roraima | |
| 650 | _aBERTHOLLETIA EXCELSA | ||
| 650 | _aCASTANHA DO PARÁ | ||
| 650 | _aFLORESTA NATIVA | ||
| 650 | _aPRODUÇÃO VEGETAL | ||
| 650 | _aRORAIMA | ||
| 773 | 0 |
_tFloresta (Brazil) _xISSN 0015-3826 _g(Jul-Sep 2008), v. 38(3) p. 445-457 _wBR0905667 |
|
| 909 |
_a202311 _bLúcia _c55 _dLúcia Elande |
||
| 942 |
_2AGRIS _n0 _cANA |
||
| 999 |
_c205274 _d205274 |
||